|
|
|
|
| LEADER |
00000nab a2200000uu 4500 |
| 001 |
vtls011155262 |
| 003 |
SK-MaSNL |
| 005 |
20260303104347.0 |
| 008 |
230121|1963 xo |||||||||||||||||slo| |
| 015 |
|
|
|a SNBRB
|
| 035 |
|
|
|a (urnnbn)urn:nbn:sk:snk:ar-a0a8og
|
| 035 |
|
|
|a (uuid)01206266-d88b-40cc-9954-7586cf65b25f
|
| 035 |
|
|
|a urn:nbn:sk:snk-abb3tb
|
| 040 |
|
|
|a SNKBUCL
|b slo
|c SNKBUCL
|e AACR2
|
| 041 |
0 |
|
|a slo
|
| 044 |
|
|
|a xo
|c SK
|
| 100 |
1 |
|
|a Špelina, Miroslav
|4 aut
|9 1118775
|
| 245 |
1 |
0 |
|a Organizácia práce pri zbere cukrovej repy
|c Miroslav Špelina
|
| 773 |
0 |
|
|t Mechanizácia poľnohospodárstva : časopis pre novú techniku v poľnohospodárstve
|g Roč. 2, č. 8 (1963), s. 246-247
|
| 954 |
|
|
|a odborná, vedecká literatúra pôvodná (slovenská)
|2 lita
|
| 958 |
|
|
|a OND
|
| 958 |
|
|
|a EUIPO
|
| 958 |
|
|
|a article14
|
| 999 |
|
|
|c 1856021
|d 1857951
|